Những thách thức của nhà lãnh đạo = The leadership challenge : Bí quyết làm nên thành quả thần kỳ trong mỗi tổ chức
Sách cung cấp cho bạn đọc có được tầm nhìn sâu sắc về vai trò quan trọng của lãnh đạo trong tình hình phát triển chung của tổ chức.
Wedi'i Gadw mewn:
| Prif Awdur: | |
|---|---|
| Awduron Eraill: | , |
| Fformat: | Llyfr |
| Iaith: | Vietnamese |
| Cyhoeddwyd: |
H.
Công thương
2019
|
| Pynciau: | |
| Tagiau: |
Ychwanegu Tag
Dim Tagiau, Byddwch y cyntaf i dagio'r cofnod hwn!
|
| Thư viện lưu trữ: | Thư viện Trường Đại học Nam Cần Thơ |
|---|
| LEADER | 01151nam a22002177a 4500 | ||
|---|---|---|---|
| 001 | NCT_77562 | ||
| 008 | 200328b xxu||||| |||| 00| 0 vie d | ||
| 999 | |c 3777 |d 3777 | ||
| 020 | |a 9786049317958 |c 199000 | ||
| 082 | 0 | 4 | |2 23rd ed. |a 658.409 |b K88 |
| 100 | 1 | |a Kouzes, James M. | |
| 245 | 1 | 0 | |a Những thách thức của nhà lãnh đạo = |b The leadership challenge : Bí quyết làm nên thành quả thần kỳ trong mỗi tổ chức |c James M. Kouzes, Barry Z. Posner; Hoàng Việt (dịch) |
| 260 | |a H. |b Công thương |c 2019 | ||
| 300 | |a 407 tr. |b minh họa |c 24cm | ||
| 520 | 3 | |a Sách cung cấp cho bạn đọc có được tầm nhìn sâu sắc về vai trò quan trọng của lãnh đạo trong tình hình phát triển chung của tổ chức. | |
| 653 | |a Quản trị kinh doanh | ||
| 700 | 1 | |a Posner, Barry Z. | |
| 700 | 1 | |a Hoàng Việt |e Dịch | |
| 942 | |2 ddc |c BK | ||
| 952 | |0 0 |1 0 |2 ddc |4 0 |6 658_409000000000000_K88 |7 0 |9 19321 |a 000001 |b 000001 |d 2020-03-28 |o 658.409 K88 |p MD.17052 |r 2020-03-28 |v 199000.00 |w 2020-03-28 |y BK | ||
| 980 | |a Thư viện Trường Đại học Nam Cần Thơ | ||


